000 00630nam a2200205Ia 4500
005 20220203145713.0
008 210716s2012 xx 000 0 und d
020 _a9788184889390
040 _cAIMIT LIBRARY
041 _aeng
082 _a658.4
_29
_bASWK
100 _aAswathappa, K.
_916123
245 _aOrganisational behaviour:
_btext cases and games /
_cBy K Aswathappa.
250 _a9th ed.
260 _aNew Delhi:
_bHimalaya Publishing House,
_c2010.
300 _a706p. ;
_c27cm.
650 _aManagement and Managers
_916124
650 _aApplied Motivation Practices
_916125
942 _2ddc
_cBK
_e9th
_k658.4 ASWK
999 _c206617
_d206617